| 000 | 00533nam a2200205Ia 4500 | ||
|---|---|---|---|
| 001 | 16041 | ||
| 003 | GE_BSU | ||
| 008 | 181216s||||||||xx |||||||||||||| ||und|| | ||
| 040 | _cGE_BSU | ||
| 080 | _a821.353.1-1 | ||
| 100 | _aჯაყელი, ჯემალი | ||
| 245 | _aლექსები. | ||
| 245 | _cრედ.შ.ზოიძე | ||
| 260 | _aბათუმი | ||
| 260 | _bსაბჭ. აჭარა | ||
| 260 | _c1973 | ||
| 300 | _a84გვ. ; 17სმ | ||
| 653 | _aლექსები. | ||
| 942 | _cBK | ||
| 999 |
_c49131 _d49131 |
||